| 000 | 00833cad a22002175a 4500 | ||
|---|---|---|---|
| 001 | L159774 | ||
| 008 | 150226s2016 xxk f 000 0 eng d | ||
| 035 | _a(Sirsi) u159774 | ||
| 041 | 0 | _aeng | |
| 100 | 1 | _aMcMeeken, Roxane | |
| 245 | 0 | 0 | _aSchool's out of space |
| 260 | _c2016 | ||
| 490 |
_aModus _vApril 2016, 34-35 (2) |
||
| 520 | _aConsiders different ways to build enough secondary places for the increasing population, while costs keep rising. The three main routes are funding given to local authorities, privately financed drive to rebuild and refurbish the worst school buildings and the creation of state-funded "free" schools led by local stakeholders. | ||
| 590 | _aKA | ||
| 650 | 2 | 4 | _aSCHOOLS |
| 650 | 2 | 4 | _aSCHOOLS SECTOR |
| 651 | 4 |
_aUnited Kingdom _y |
|
| 690 |
_aPlanning and development _96259 |
||
| 942 | _n0 | ||
| 999 |
_c84979 _d84979 |
||